Proceso de selección y contratación de empresa contratistas de proyectos viales, financiados con fondos de organismos internacionales
El presente trabajo pretende definir de manera clara y simple, los procedimientos de selección y contratación de empresas constructoras de proyectos viales establecidos en el ámbito internacional por ciertas políticas y normas de organismos financieros externos. Se hace énfasis en las relacione...
| Main Author: | |
|---|---|
| Other Authors: | |
| Format: | Tesis Section = Libro |
| Language: | Undetermined Spanish |
| Published: |
Managua
UNI
2003
|
| Subjects: |
| LEADER | 01343nam a2200229Ia 4500 | ||
|---|---|---|---|
| 008 | 240830s9999 xx 000 0 und d | ||
| 040 | |a BIBLIOTECA-RUPAP Mon 352.92 E74 | ||
| 041 | |a spa | ||
| 082 | |a Mon 352.92 E74 | ||
| 100 | 1 | |a Escobar Roa, Ovidio Lombardo | |
| 245 | 1 | 0 | |a Proceso de selección y contratación de empresa contratistas de proyectos viales, financiados con fondos de organismos internacionales |
| 260 | |a Managua |b UNI |c 2003 | ||
| 300 | |a 288 p. :il. | ||
| 500 | |a Contiene: anexos. | ||
| 502 | |a Tesis (Ingeniero Civil)- UNI, 2003. | ||
| 520 | 3 | |a El presente trabajo pretende definir de manera clara y simple, los procedimientos de selección y contratación de empresas constructoras de proyectos viales establecidos en el ámbito internacional por ciertas políticas y normas de organismos financieros externos. Se hace énfasis en las relaciones que se establecen entre los organismos financieros internacionales y el país prestatario o dueño del proyecto de inversión vial financiado por el Banco mundial o el Banco Interamericano de Desarrollo. | |
| 650 | 7 | |a CONSTRUCCIÓN-REGLAMENTACIÓN DE CONSTRUCCIÓN | |
| 650 | 7 | |b GUÍA DE PROCEDIMIENTOS Y REQUISITOS-CONTRATACIÓN DE EMPRESAS CONSTRUCTORAS | |
| 700 | 1 | |a Tutor: |b Díaz Rostrán,Bertha Cristina | |
| 942 | |c BK |2 ddc | ||
| 991 | |a TESIS | ||
| 999 | |c 15426 | ||